| 000 | 00610nam a2200265Ia 4500 | ||
|---|---|---|---|
| 008 | 180803s9999 xx 000 0 und d | ||
| 020 | _a9780545341776 | ||
| 050 | _bA546 2011 | ||
| 100 | _aAnderson, Derek | ||
| 245 | 0 | _aStory county : | |
| 245 | 0 | _bhere we come! / | |
| 245 | 0 | _cby Derek Anderson. | |
| 260 | _aBroadway, New York : | ||
| 260 | _bScholastic, | ||
| 260 | _c2011 | ||
| 300 | _aunpaged : | ||
| 300 | _bcolored ; | ||
| 300 | _c25cm. | ||
| 500 | _a190 | ||
| 650 | _aDomestic animals -- | ||
| 650 | _aFarms -- | ||
| 650 | _xFiction. | ||
| 650 | _xFiction. | ||
| 700 | _aTitle. | ||
| 999 |
_c358285 _d358285 |
||